Loading...
| Fine Arts - Other Arts | 3 | 0 | 0 | 0 | 45 | 46 | 49.33 | 2 | 3 |
| Social Science | 0 | 5 | 1 | 1 | 45 | 96 | 115.80 | 0 | 3 |
| Literature - American Literature | 1 | 2 | 0 | 0 | 35 | 68 | 115.33 | 1 | 1 |
| Beliefs | 1 | 2 | 0 | 0 | 35 | 73 | 113.00 | 0 | 2 |
| Literature - World Literature | 0 | 3 | 0 | 0 | 30 | 97 | 123.67 | 0 | 1 |
| Literature - European Literature | 1 | 1 | 0 | 0 | 25 | 46 | 84.50 | 1 | 2 |
| Philosophy | 0 | 2 | 0 | 0 | 20 | 81 | 99.50 | 0 | 2 |
| Science - Biology | 0 | 2 | 0 | 1 | 20 | 94 | 109.00 | 0 | 2 |
| Other Academic | 0 | 2 | 0 | 0 | 20 | 61 | 70.50 | 0 | 2 |
| Visual Arts | 0 | 1 | 0 | 1 | 10 | 143 | 143.00 | 0 | 0 |
| Current Events | 0 | 1 | 0 | 0 | 10 | 72 | 72.00 | 0 | 1 |
| Geography | 0 | 1 | 0 | 0 | 10 | 81 | 81.00 | 0 | 1 |
| History - American History | 1 | 0 | 1 | 0 | 10 | 42 | 42.00 | 0 | 0 |
| History - Ancient History | 0 | 1 | 0 | 0 | 10 | 122 | 122.00 | 0 | 1 |
| History - European History | 0 | 1 | 0 | 0 | 10 | 78 | 78.00 | 0 | 0 |
| Science - Chemistry | 0 | 1 | 0 | 0 | 10 | 104 | 104.00 | 0 | 1 |
| Science - Other Science | 0 | 0 | 0 | 0 | 0 | 0.00 | 0 | 0 | |
| Science - Physics | 0 | 0 | 0 | 0 | 0 | 0.00 | 0 | 0 | |
| Auditory Arts | 0 | 0 | 0 | 0 | 0 | 0.00 | 0 | 0 | |
| Literature - British Literature | 0 | 0 | 1 | 0 | -5 | 0.00 | 0 | 0 |